Top 10 Biggest Korean Metropolian Areas - Statistics

General Stats
  • This quiz has been taken 14 times
  • The average score is 6 of 10
Answer Stats
Answer Hint % Correct
Busan 3,300,000
100%
Seoul 20,300,000
100%
Daegu 2,300,000
92%
Gwangju 1,400,000
77%
Daejeon 1,500,000
69%
Ulsan 800,000
54%
Pyongyang 4,200,000
46%
Cheongju 700,000
23%
Hamhung 800,000
15%
Chongjin 900,000
8%
No matching quizzes found
Score Distribution
Percent of People with Each Score
Percentile by Number Answered
Your Score History
You have not taken this quiz